| 000 | 04519nam a22004814a 4500 | ||
|---|---|---|---|
| 005 | 20100802123123.0 | ||
| 010 | _aB-408432-454 | ||
| 020 |
_a9788190627863 _c100.00 |
||
| 035 | _aB-408432-454 | ||
| 037 | _bTarun Books | ||
| 082 | _a920 | ||
| 100 |
_aJain, Gagan _94805 |
||
| 245 |
_aSelected nobel laureates' prize acceptance speeches: _bpeace, economics, literature / _cby Gagan Jain |
||
| 250 | _a3rd ed. | ||
| 260 |
_aNew Delhi _bMaanu Graphics _c2010 |
||
| 270 |
_a5FF, Ganpati Bhawan, 21 Ansari Road, Daryaganj _bNew Delhi _e110002 |
||
| 300 |
_a255 p. _c22 cm(pbk) |
||
| 942 |
_2ddc _cEN _mJAI _h920 |
||
| 999 |
_c35201 _d35201 |
||